Biblioteca

Iglesia en misión (Registro nro. 52396)

Detalles MARC
000 -LÍDER
Campo fijo de descripción fija 00817aab a2200217 i 4500
001 - NÚMERO DE CONTROL
Campo de control 768714001
003 - IDENTIFICADOR DEL NÚMERO DE CONTROL
Campo de control CO-MdFUSB
005 - FECHA Y HORA DE LA ULTIMA TRANSACCIÓN
control field 20250820164617.0
008 - ELEMENTOS DE LONGITUD FIJA -- INFORMACIÓN GENERAL
Campo fijo de descripción fija -- Información general 240424t1999 ag ||||| |||| 00| 0 spa d
040 ## - FUENTE DE CATALOGACIÓN
Idioma de catalogación spa
Agencia que realiza la transcripción CO-MdFUSB
041 ## - CÓDIGO DE IDIOMA
Código de idioma para texto/pista de sonido o título separado spa
100 1# - ASIENTO PRINCIPAL--NOMBRE PERSONAL
Nombre personal Bergsma, Pablo
Término relacionador autor
245 10 - TÍTULO
Título Iglesia en misión
Mención de responsabilidad / Pablo Bergsma
300 ## - DESCRIPCIÓN FÍSICA
Extensión Volumen 18, número 1 y 2 (enero - julio, 1999) páginas: 66 - 68
Dimensiones ; 27 cm
520 ## - NOTA DE RESUMEN, ETC.
Nota de sumario, etc. La Iglesia como un organismo compuesto de los creyentes miembros del cuerpo de Cristo, los cuales representan a Cristo en toda actividad de su vida.
650 #7 - ASIENTO SECUNDARIO DE MATERIA - TERMINO TEMÁTICO
Término temático o nombre geográfico como elemento de entrada Iglesia
9 (RLIN) 655
653 ## - TÉRMINO DE INDIZACIÓN - NO CONTROLADO
Término no controlado Misión transcultural
773 0# - ASIENTO DE ITEM FUENTE
Título Iglesia y Misión
Biblionumber 49402
Itemnumber 59632
Parte(s) relacionada(s) / Volumen., número. (mes año), páginas Volumen 18, número 1 y 2 (enero - julio, 1999) páginas: 66 - 68
Enumeración y primera página página: 66
942 ## - TIPO DE MATERIAL (KOHA)
Tipo de Item KOHA Artículos de Revista
945 ## - INFORMACIÓN LOCAL DEL REGISTRO
Catalogador JTF-925

No hay ítems disponibles.

Biblioteca FUSBC | Teléfono: (57+4) 349 88 10 Ext. 141| WhatsApp (+57) 3005338115 
E-mail: biblioteca@unisbc.edu.co | Calle 76 87-14 Robledo Palenque, Medellín, Colombia

Con tecnología Koha